[Event "AUT-chT2W 2223"]
[Site "Austria"]
[Date "2023.04.21"]
[Round "9.4"]
[White "Neukirchner, Pascal"]
[Black "Kranzl, Julian"]
[Result "0-1"]
[WhiteElo "2269"]
[BlackElo "2238"]
[PlyCount "66"]
[EventDate "2022.09.23"]
[EventType "team-tourn"]
[EventRounds "11"]
[EventCountry "AUT"]
[SourceTitle "EXT 2024"]
[Source "ChessBase"]
[SourceDate "2023.10.10"]
[SourceVersion "1"]
[SourceVersionDate "2023.10.10"]
[SourceQuality "1"]
[WhiteTeam "Schwarzach"]
[BlackTeam "Hohenems II"]
[WhiteTeamCountry "AUT"]
[BlackTeamCountry "AUT"]

1. d4 Nf6 2. c4 e6 3. g3 Bb4+ 4. Nd2 Nc6 5. Ngf3 d6 6. Bg2 a5 7. a3 Bxd2+ 8. Bxd2 0-0 9. 0-0 a4 10. Qc2 e5 11. dxe5 dxe5 12. Bb4 Re8 13. Rfd1 Bd7 14. Bh3 Qc8 15. Rxd7 Nxd7 16. Rd1 Ncb8 17. Ng5 g6 18. Qd3 c5 19. Qd5 Re7 20. Nxf7 Rxf7 21. Be6 Qe8 22. Bc3 Ra6 23. Bxf7+ Qxf7 24. Qxb7 Rb6 25. Qc7 Qe7 26. Rd5 Rc6 27. Qb7 Kf7 28. Rxd7 Qxd7 29. Qxb8 Rd6 30. Qh8 Qh3 31. f4 Rd1+ 32. Kf2 Rf1+ 33. Ke3 exf4+ 0-1

[Event "AUT-chT2W 2223"]
[Site "Austria"]
[Date "2022.11.12"]
[Round "4.5"]
[White "Kranzl, Julian"]
[Black "Elsaesser, Daniel"]
[Result "1/2-1/2"]
[WhiteElo "2238"]
[BlackElo "1747"]
[PlyCount "159"]
[EventDate "2022.09.23"]
[EventType "team-tourn"]
[EventRounds "11"]
[EventCountry "AUT"]
[SourceTitle "CBM 213 Extra"]
[Source "ChessBase"]
[SourceDate "2023.05.31"]
[SourceVersion "1"]
[SourceVersionDate "2023.05.31"]
[SourceQuality "1"]
[WhiteTeam "Hohenems II"]
[BlackTeam "Salzburg Royal"]
[WhiteTeamCountry "AUT"]
[BlackTeamCountry "AUT"]

1. Nf3 c5 2. e4 g6 3. c3 d5 4. exd5 Qxd5 5. d4 Nf6 6. Nbd2 Nc6 7. Bc4 Qf5 8. Qb3 e6 9. 0-0 Be7 10. Ne5 Nxe5 11. dxe5 Qxe5 12. Bb5+ Nd7 13. Nf3 Qc7 14. Bh6 a6 15. Bg7 Rg8 16. Be5 Bd6 17. Bxd7+ Bxd7 18. Bxd6 Qxd6 19. Qxb7 Qc6 20. Qb3 Qc7 21. Rfe1 Kf8 22. Ng5 Kg7 23. c4 Rae8 24. Qc3+ f6 25. Rad1 Rgf8 26. Ne4 Re7 27. Qa3 Rc8 28. Qxa6 Bc6 29. Qa3 Bxe4 30. Rxe4 Qb7 31. Re3 Ra8 32. Qxc5 Rxa2 33. Qd6 Rxb2 34. Rxe6 Rxe6 35. Qxe6 Rd2 36. Ra1 Ra2 37. Qe1 Rc2 38. Ra4 Qc7 39. g3 Rxc4 40. Ra1 Qf7 41. h4 h5 42. Ra6 Rc5 43. Qe4 Re5 44. Qf3 Re6 45. Ra8 Re8 46. Ra4 Re5 47. Kh2 Rc5 48. Ra8 Re5 49. Qc6 Kh7 50. Qc8 Qg7 51. Qd8 Re7 52. Rc8 Ra7 53. Qe8 Re7 54. Qc6 Ra7 55. Rd8 Rc7 56. Qe6 Re7 57. Qd6 Ra7 58. Qf4 Re7 59. Rd6 Rf7 60. Kg2 Rf8 61. Qd4 Qb7+ 62. f3 Qg7 63. g4 hxg4 64. fxg4 Rf7 65. Kf3 Rf8 66. Qd5 Rf7 67. Qd4 Rf8 68. Ke3 Re8+ 69. Kd3 Qf7 70. Rd7 Re7 71. Rxe7 Qxe7 72. Kc4 Kg7 73. Qf4 Qe2+ 74. Kd5 Qd1+ 75. Kc5 Qc2+ 76. Kb4 Qb2+ 77. Kc4 Qc2+ 78. Kd4 Qd1+ 79. Kc5 Qc2+ 80. Kd5 1/2-1/2

[Event "Kaltern op 5th"]
[Site "Kaltern"]
[Date "2022.10.23"]
[Round "4"]
[White "Teutsch, Alexander"]
[Black "Kranzl, Julian"]
[Result "0-1"]
[WhiteElo "2189"]
[BlackElo "2238"]
[PlyCount "114"]
[EventDate "2022.10.21"]
[EventType "swiss"]
[EventRounds "5"]
[EventCountry "ITA"]
[SourceTitle "EXT 2024"]
[Source "ChessBase"]
[SourceDate "2023.10.10"]
[SourceVersion "1"]
[SourceVersionDate "2023.10.10"]
[SourceQuality "1"]

1. d4 Nf6 2. c4 e6 3. Nc3 Bb4 4. e3 b6 5. Nge2 Ne4 6. Qc2 Bb7 7. a3 Bxc3+ 8. Nxc3 Nxc3 9. Qxc3 d6 10. b4 a5 11. Bb2 axb4 12. axb4 Rxa1+ 13. Bxa1 0-0 14. d5 Qg5 15. h4 Qg6 16. h5 Qb1+ 17. Kd2 e5 18. g3 Nd7 19. Bg2 Qf5 20. Ke2 Ra8 21. Bf3 Nf6 22. Bb2 Bc8 23. Rh4 Qb1 24. Rh1 Qf5 25. Rh4 b5 26. e4 Qd7 27. c5 Qe8 28. h6 dxc5 29. Qxe5 Ra2 30. Kf1 Qxe5 31. Bxe5 g5 32. Rh1 Nd7 33. Bxc7 cxb4 34. Bg4 Ra1+ 35. Kg2 Rxh1 36. Kxh1 b3 37. Bd1 Nc5 38. Be5 Nxe4 39. Bxb3 Nd2 40. Bd1 Bb7 41. Bd4 Bxd5+ 42. Kg1 b4 43. Be3 Ne4 44. Bf3 Nc3 45. Bxd5 Nxd5 46. Bd4 Ne7 47. g4 Nd5 48. Kf1 f6 49. Ke2 Kf7 50. Kd3 Ke6 51. Ke4 Nc3+ 52. Kd3 Nb5 53. Bb2 Nd6 54. Kd4 Nf7 55. Ke4 Nxh6 56. f3 Nf7 57. f4 Nd6+ 0-1

[Event "Kaltern op 5th"]
[Site "Kaltern"]
[Date "2022.10.22"]
[Round "2"]
[White "Nicolodi, Raoul"]
[Black "Kranzl, Julian"]
[Result "0-1"]
[WhiteElo "2021"]
[BlackElo "2238"]
[PlyCount "84"]
[EventDate "2022.10.21"]
[EventType "swiss"]
[EventRounds "5"]
[EventCountry "ITA"]
[SourceTitle "EXT 2024"]
[Source "ChessBase"]
[SourceDate "2023.10.10"]
[SourceVersion "1"]
[SourceVersionDate "2023.10.10"]
[SourceQuality "1"]

1. Nf3 c5 2. c4 Nf6 3. g3 b6 4. Bg2 Bb7 5. 0-0 e6 6. Nc3 a6 7. Re1 Be7 8. e4 d6 9. d4 cxd4 10. Nxd4 Qc7 11. Qd3 Nbd7 12. b3 0-0 13. f4 Rfe8 14. Bb2 Rad8 15. Rad1 Bf8 16. Qc2 e5 17. Nf5 b5 18. cxb5 axb5 19. Qd2 b4 20. Nd5 Bxd5 21. exd5 Qa7+ 22. Kh1 Ng4 23. Ne3 Nxe3 24. Rxe3 exf4 25. Rxe8 Rxe8 26. gxf4 Qxa2 27. Bc3 Qxb3 28. Bxb4 Nf6 29. Rc1 Ng4 30. Re1 Ra8 31. Qc3 Ra3 32. Qxb3 Rxb3 33. Ba5 Ne3 34. Bc7 f5 35. Bf3 Kf7 36. Ra1 Be7 37. Kg1 Bf6 38. Ra4 Nc2 39. Be2 Bd4+ 40. Kg2 Bc5 41. Ra8 Ne3+ 42. Kg3 Nxd5+ 0-1

[Event "Kaltern op 5th"]
[Site "Kaltern"]
[Date "2022.10.21"]
[Round "1"]
[White "Kranzl, Julian"]
[Black "Budyi, Danylo"]
[Result "1-0"]
[WhiteElo "2238"]
[BlackElo "1912"]
[PlyCount "119"]
[EventDate "2022.10.21"]
[EventType "swiss"]
[EventRounds "5"]
[EventCountry "ITA"]
[SourceTitle "EXT 2024"]
[Source "ChessBase"]
[SourceDate "2023.10.10"]
[SourceVersion "1"]
[SourceVersionDate "2023.10.10"]
[SourceQuality "1"]

1. Nf3 d5 2. g3 Nf6 3. Bg2 c6 4. 0-0 e6 5. d4 Bd6 6. c4 Nbd7 7. Nfd2 0-0 8. Nc3 h6 9. e4 dxe4 10. Ndxe4 Be7 11. Bf4 Nxe4 12. Nxe4 Nf6 13. Nc3 Bd6 14. Be5 Qc7 15. Qe2 Rd8 16. Rad1 b6 17. Nb5 cxb5 18. Bxa8 bxc4 19. Bg2 Nd5 20. Rfe1 Bxe5 21. dxe5 b5 22. a3 Bb7 23. Rd4 a6 24. h4 Rc8 25. Kh2 c3 26. Rc1 Qc5 27. Rdd1 b4 28. axb4 Qxb4 29. Bxd5 Bxd5 30. Rxc3 Rxc3 31. bxc3 Qxc3 32. Qe3 Qxe3 33. fxe3 h5 34. Rd4 Bc6 35. Rc4 Bb5 36. Rc7 Bd3 37. Kg1 Be4 38. Ra7 Bd3 39. Kf2 Bc4 40. Kf3 Bd3 41. Kf4 g6 42. e4 Kg7 43. Ra8 Bc4 44. Ke3 Bb5 45. Kd4 Be2 46. Kc5 Bf3 47. Rxa6 Bxe4 48. Ra4 Bf5 49. Kd6 g5 50. hxg5 Kg6 51. Ke7 Kg7 52. Rf4 Kg6 53. Kf8 Kxg5 54. Kxf7 Bh3 55. Rf6 Kg4 56. Rh6 Kxg3 57. Rxh5 Bf5 58. Kf6 Kg4 59. Rg5+ Kf4 60. Rxf5+ 1-0

[Event "AUT-chT2W 2122"]
[Site "Austria"]
[Date "2022.06.04"]
[Round "7.2"]
[White "Neukirchner, Pascal"]
[Black "Kranzl, Julian"]
[Result "1/2-1/2"]
[WhiteElo "2210"]
[BlackElo "2217"]
[PlyCount "81"]
[EventDate "2021.10.15"]
[EventType "team-tourn"]
[EventRounds "11"]
[EventCountry "AUT"]
[SourceTitle "EXT 2023"]
[Source "ChessBase"]
[SourceDate "2022.10.05"]
[SourceVersion "1"]
[SourceVersionDate "2022.10.05"]
[SourceQuality "1"]
[WhiteTeam "Schwarzach"]
[BlackTeam "Hohenems II"]
[WhiteTeamCountry "AUT"]
[BlackTeamCountry "AUT"]

1. d4 Nf6 2. c4 e6 3. g3 Bb4+ 4. Bd2 c5 5. Bxb4 cxb4 6. Bg2 a5 7. a3 Na6 8. Nf3 0-0 9. 0-0 d6 10. axb4 Nxb4 11. Na3 Bd7 12. Nc2 Qb6 13. Nxb4 Qxb4 14. Qd3 Rfc8 15. Rfc1 a4 16. Nd2 d5 17. Qc3 Qf8 18. Qa3 Qe8 19. e4 dxe4 20. Nxe4 Nxe4 21. Bxe4 Bc6 22. Qd3 Bxe4 23. Qxe4 Qe7 24. c5 Qd7 25. Rc4 g6 26. Qc2 Qd5 27. Rcxa4 Rxa4 28. Rxa4 e5 29. Qc3 h5 30. h4 Kh7 31. Qc4 Qf3 32. dxe5 Rd8 33. Ra1 Rd2 34. Qf4 Qxf4 35. gxf4 Rxb2 36. Ra7 Kg7 37. e6 fxe6 38. c6 Kf6 39. c7 Rc2 40. Rxb7 Kf5 41. Rb5+ 1/2-1/2

[Event "AUT-chT2W 2122"]
[Site "Austria"]
[Date "2022.03.12"]
[Round "10.6"]
[White "Kranzl, Julian"]
[Black "Kuecher, Wolfgang"]
[Result "1-0"]
[WhiteElo "2217"]
[BlackElo "2122"]
[PlyCount "135"]
[EventDate "2021.10.15"]
[EventType "team-tourn"]
[EventRounds "11"]
[EventCountry "AUT"]
[SourceTitle "EXT 2023"]
[Source "ChessBase"]
[SourceDate "2022.10.05"]
[SourceVersion "1"]
[SourceVersionDate "2022.10.05"]
[SourceQuality "1"]
[WhiteTeam "Hohenems II"]
[BlackTeam "Ranshofen"]
[WhiteTeamCountry "AUT"]
[BlackTeamCountry "AUT"]

1. d4 Nf6 2. Nf3 g6 3. g3 Bg7 4. Bg2 0-0 5. 0-0 d6 6. b3 Nc6 7. Bb2 e5 8. dxe5 Ng4 9. Qd2 Ngxe5 10. Nxe5 Nxe5 11. c4 Bg4 12. f3 Bd7 13. f4 Nc6 14. Bxg7 Kxg7 15. Nc3 Be6 16. Qb2 f6 17. e4 Qe7 18. Rae1 Rae8 19. h3 Qd7 20. Kh2 h5 21. Re3 a6 22. Ne2 Qe7 23. Ng1 Bd7 24. Nf3 Bc8 25. Rfe1 Kh7 26. b4 Qg7 27. b5 Nb8 28. e5 dxe5 29. fxe5 Nd7 30. bxa6 bxa6 31. e6 Nb6 32. e7 Rg8 33. Qb4 Qf7 34. Nd2 Nd7 35. Bd5 Qg7 36. Nf3 Rh8 37. a4 Nb6 38. a5 Nxd5 39. cxd5 Qf7 40. Rd1 Rhg8 41. Qc5 Bb7 42. Qxc7 Bxd5 43. Nd4 Rb8 44. Rde1 Rb7 45. Qd6 Re8 46. Ne6 Bxe6 47. Rxe6 f5 48. R1e2 Kg7 49. Qd4+ Kh7 50. Qh4 Rbb8 51. Rxa6 Rb7 52. Rae6 Ra7 53. a6 Raa8 54. Qg5 Ra7 55. Rf6 Qg7 56. Rfe6 Qf7 57. Qe3 Raa8 58. Qd4 Rac8 59. a7 Ra8 60. Qa4 Kg8 61. Qa2 Kh7 62. Qa4 f4 63. gxf4 Qf5 64. Qd4 h4 65. Rf6 Qb5 66. Rf7+ Kh6 67. Qg7+ Kh5 68. Qh7# 1-0

[Event "AUT-chT2W 1920"]
[Site "Austria"]
[Date "2020.03.06"]
[Round "9.2"]
[White "Kranzl, Julian"]
[Black "Seresin, Francesco"]
[Result "0-1"]
[WhiteElo "2197"]
[BlackElo "2362"]
[PlyCount "78"]
[EventDate "2019.10.04"]
[EventType "team-tourn"]
[EventRounds "11"]
[EventCountry "AUT"]
[SourceTitle "CBM 195 Extra"]
[Source "ChessBase"]
[SourceDate "2020.05.31"]
[SourceVersion "1"]
[SourceVersionDate "2020.05.31"]
[SourceQuality "1"]
[WhiteTeam "Hohenems II"]
[BlackTeam "Kufstein/Woergl"]
[WhiteTeamCountry "AUT"]
[BlackTeamCountry "AUT"]

1. Nf3 Nf6 2. b3 g6 3. Bb2 Bg7 4. g3 b6 5. Bg2 Bb7 6. 0-0 0-0 7. c4 d6 8. d4 Nbd7 9. d5 c6 10. dxc6 Bxc6 11. Ne1 Qc7 12. Nc3 Nc5 13. Bxc6 Qxc6 14. Nd5 Nxd5 15. cxd5 Qd7 16. Bxg7 Kxg7 17. Qd4+ Kg8 18. Ng2 Rac8 19. Rac1 Qf5 20. Rc3 e5 21. dxe6 Nxe6 22. Qd2 Rxc3 23. Qxc3 Qe5 24. Qxe5 dxe5 25. Rd1 Rc8 26. Ne3 Nd4 27. Kf1 f6 28. Ng4 Kf7 29. e3 Nf3 30. e4 Ke6 31. Ne3 Ng5 32. Nc4 Nxe4 33. f3 Nc3 34. Rd2 Nd5 35. Ke2 b5 36. Ne3 Nb4 37. a3 Nc6 38. Rd5 Nd4+ 39. Kf2 Rc3 0-1

[Event "Innsbruck op 3rd"]
[Site "Innsbruck"]
[Date "2019.08.26"]
[Round "2"]
[White "Kranzl, Julian"]
[Black "Kornitzky, Tino"]
[Result "1-0"]
[WhiteElo "2215"]
[BlackElo "2057"]
[PlyCount "101"]
[EventDate "2019.08.25"]
[EventType "swiss"]
[EventRounds "9"]
[EventCountry "AUT"]
[SourceTitle "EXT 2020"]
[Source "ChessBase"]
[SourceDate "2019.10.17"]
[SourceVersion "1"]
[SourceVersionDate "2019.10.17"]
[SourceQuality "1"]

1. Nf3 d5 2. b3 Nf6 3. Bb2 c5 4. e3 Nc6 5. Bb5 a6 6. Bxc6+ bxc6 7. d3 e6 8. Nbd2 Be7 9. 0-0 0-0 10. Ne5 Bb7 11. f4 Re8 12. Rf3 a5 13. a4 Nd7 14. Rh3 Nf8 15. Qh5 g6 16. Qh6 Bf6 17. Ndf3 d4 18. exd4 Bg7 19. Qh4 Qd5 20. c4 Qd6 21. Ba3 f6 22. Bxc5 Qd8 23. Ng4 h5 24. Nf2 Nd7 25. Bd6 Nb6 26. Ne4 f5 27. Qxd8 Raxd8 28. Nc5 Rxd6 29. Nxb7 Rxd4 30. Re1 Rxf4 31. Ne5 Ra8 32. Nxc6 e5 33. Nxe5 Re8 34. Rhe3 Nd7 35. Nf3 Rb8 36. Re8+ Rxe8 37. Rxe8+ Bf8 38. Kf2 Kf7 39. Rxf8+ Kxf8 40. g3 Rxf3+ 41. Kxf3 Ne5+ 42. Ke2 Nc6 43. Ke3 Ne5 44. h3 g5 45. d4 Ng6 46. Nxa5 f4+ 47. Kf3 Kf7 48. Nc6 Ke6 49. Ne5 Nxe5+ 50. dxe5 fxg3 51. a5 1-0

[Event "Bodensee op"]
[Site "Bregenz"]
[Date "2019.06.02"]
[Round "9"]
[White "Kranzl, Julian"]
[Black "Greussing, Stefan"]
[Result "1-0"]
[WhiteElo "2187"]
[BlackElo "1847"]
[PlyCount "41"]
[EventDate "2019.05.25"]
[EventType "swiss"]
[EventRounds "9"]
[EventCountry "AUT"]
[SourceTitle "CBM 190 Extra"]
[Source "ChessBase"]
[SourceDate "2019.07.15"]
[SourceVersion "1"]
[SourceVersionDate "2019.07.15"]
[SourceQuality "1"]

1. e4 c5 2. Nc3 Nc6 3. Bb5 g6 4. Bxc6 dxc6 5. f4 Bg7 6. Nf3 Nf6 7. d3 Bg4 8. 0-0 Qc7 9. Qe1 Bxf3 10. Rxf3 0-0-0 11. a4 Nd7 12. e5 Nf8 13. Ne4 Ne6 14. Be3 b6 15. a5 g5 16. f5 Nd4 17. Bxd4 Rxd4 18. f6 exf6 19. exf6 Bf8 20. axb6 axb6 21. Ra8+ 1-0

[Event "Bodensee op"]
[Site "Bregenz"]
[Date "2019.06.01"]
[Round "8"]
[White "Kolbus, Dietmar"]
[Black "Kranzl, Julian"]
[Result "1-0"]
[WhiteElo "2278"]
[BlackElo "2187"]
[PlyCount "57"]
[EventDate "2019.05.25"]
[EventType "swiss"]
[EventRounds "9"]
[EventCountry "AUT"]
[SourceTitle "CBM 190 Extra"]
[Source "ChessBase"]
[SourceDate "2019.07.15"]
[SourceVersion "1"]
[SourceVersionDate "2019.07.15"]
[SourceQuality "1"]

1. c4 f5 2. Nf3 Nf6 3. g3 d6 4. d4 e6 5. Bg2 Be7 6. 0-0 0-0 7. Nc3 Ne4 8. Qc2 Nxc3 9. Qxc3 a5 10. b3 Nc6 11. Bb2 Bf6 12. Qd2 e5 13. d5 Nb8 14. Ne1 f4 15. e3 Qe8 16. exf4 exf4 17. Bxf6 Rxf6 18. Nd3 f3 19. Rfe1 Qh5 20. Bf1 g5 21. Re7 Bf5 22. Qc3 Rf7 23. Re8+ Rf8 24. Rxf8+ Kxf8 25. Qh8+ Kf7 26. Re1 Qg6 27. Re8 Qh6 28. Qg8+ Kf6 29. Rf8+ 1-0

[Event "AUT-chT2W 1718"]
[Site "Austria"]
[Date "2017.10.14"]
[Round "2.6"]
[White "Kranzl, Julian"]
[Black "Lochner, Herbert"]
[Result "1-0"]
[WhiteElo "2141"]
[BlackElo "1974"]
[PlyCount "43"]
[EventDate "2017.10.13"]
[EventType "team-tourn"]
[EventRounds "11"]
[EventCountry "AUT"]
[SourceTitle "CBM 181 Extra"]
[Source "ChessBase"]
[SourceDate "2017.12.12"]
[SourceVersion "1"]
[SourceVersionDate "2017.12.12"]
[SourceQuality "1"]
[WhiteTeam "Hohenems II"]
[BlackTeam "Goetzis II"]
[WhiteTeamCountry "AUT"]
[BlackTeamCountry "AUT"]

1. e4 e6 2. d4 d5 3. Nc3 Nc6 4. Nf3 Nf6 5. Bg5 Be7 6. e5 Ne4 7. Bxe7 Qxe7 8. Nd2 Qb4 9. Ncxe4 dxe4 10. c3 Qxb2 11. Nxe4 0-0 12. Bd3 Ne7 13. 0-0 f5 14. exf6 gxf6 15. Qf3 f5 16. Qg3+ Ng6 17. Ng5 Qd2 18. Bc4 Qf4 19. Rfe1 c6 20. Nxe6 Bxe6 21. Rxe6 Kh8 22. Rxg6 1-0

[Event "Bodensee op"]
[Site "Bregenz"]
[Date "2017.05.28"]
[Round "9"]
[White "Welling, Gerard J"]
[Black "Kranzl, Julian"]
[Result "1/2-1/2"]
[WhiteElo "2307"]
[BlackElo "2129"]
[PlyCount "112"]
[EventDate "2017.05.20"]
[EventType "swiss"]
[EventRounds "9"]
[EventCountry "AUT"]
[SourceTitle "CBM 178 Extra"]
[Source "ChessBase"]
[SourceDate "2017.06.22"]
[SourceVersion "1"]
[SourceVersionDate "2017.06.22"]
[SourceQuality "1"]

1. d4 Nf6 2. Nf3 e6 3. e3 b6 4. Bd3 Bb7 5. 0-0 d5 6. b3 Bd6 7. Bb2 0-0 8. Ne5 c5 9. Nd2 Nbd7 10. f4 Ne4 11. Rf3 f5 12. Rh3 cxd4 13. Nxd7 Qxd7 14. Bxd4 Bc5 15. Nf3 Bxd4 16. exd4 g6 17. Qe2 Rac8 18. Re1 Rc7 19. a4 Qd6 20. Qe3 Qb4 21. Re2 Bc6 22. Qc1 b5 23. axb5 Bxb5 24. Qe1 Qxe1+ 25. Rxe1 a6 26. c4 dxc4 27. bxc4 Bxc4 28. Bxe4 fxe4 29. Ng5 Bd5 30. Nxe4 Rxf4 31. Nc5 Rxd4 32. Nxe6 Bxe6 33. Rxe6 Rd1+ 34. Kf2 Rc2+ 35. Re2 Rdd2 36. Rxd2 Rxd2+ 37. Kf1 Ra2 38. Rb3 a5 39. Rb8+ Kg7 40. Rb7+ Kh6 41. Ra7 a4 42. Kg1 a3 43. h3 Ra1+ 44. Kh2 a2 45. Kg3 Kg5 46. Ra5+ Kf6 47. Kh2 Ke6 48. Kg3 Kd6 49. Kh2 Kc6 50. Kg3 Kb6 51. Ra3 Kb5 52. Ra7 Kc4 53. Ra8 Kd3 54. Rd8+ Ke2 55. Ra8 Kf1 56. Kh2 Ke2 1/2-1/2

[Event "AUT-ch U18"]
[Site "St Veit"]
[Date "2017.04.11"]
[Round "5"]
[White "Wagner, Leopold Franziskus"]
[Black "Kranzl, Julian"]
[Result "1/2-1/2"]
[WhiteElo "1912"]
[BlackElo "2159"]
[PlyCount "93"]
[EventDate "2017.04.09"]
[EventType "swiss"]
[EventRounds "7"]
[EventCountry "AUT"]
[SourceTitle "CBM 178 Extra"]
[Source "ChessBase"]
[SourceDate "2017.06.22"]
[SourceVersion "1"]
[SourceVersionDate "2017.06.22"]
[SourceQuality "1"]

1. d4 Nf6 2. Bf4 e6 3. Nf3 b6 4. c3 Bb7 5. e3 Be7 6. Nbd2 0-0 7. Bd3 c5 8. 0-0 cxd4 9. cxd4 Nh5 10. Bg3 Nxg3 11. hxg3 d6 12. Qc2 h6 13. Be4 d5 14. Bd3 Nc6 15. a3 Rc8 16. Qb3 Na5 17. Qa2 Qc7 18. Ne5 Bd6 19. Ndf3 Rfd8 20. Rfd1 Nc6 21. Rac1 Qb8 22. Nxc6 Rxc6 23. Rxc6 Bxc6 24. b4 Ba4 25. Rc1 Rc8 26. Qb2 Rxc1+ 27. Qxc1 Qc7 28. Qxc7 Bxc7 29. Nd2 Bd7 30. Nb1 Bd6 31. b5 f6 32. a4 Bb4 33. Kf1 Kf7 34. Ke2 e5 35. f3 Ke6 36. Nd2 Kd6 37. Nb3 Bc3 38. Kf2 Be6 39. g4 Bf7 40. g3 e4 41. Bc2 exf3 42. Kxf3 Be8 43. Nc1 Bd2 44. Ne2 g5 45. Bd3 Bd7 46. Ng1 Bc8 47. Ne2 1/2-1/2

[Event "Bodensee op"]
[Site "Bregenz"]
[Date "2016.05.06"]
[Round "7"]
[White "Fauth, Dietmar"]
[Black "Kranzl, Julian"]
[Result "1/2-1/2"]
[WhiteElo "2173"]
[BlackElo "2063"]
[PlyCount "93"]
[EventDate "2016.04.30"]
[EventType "swiss"]
[EventRounds "9"]
[EventCountry "AUT"]
[SourceTitle "CBM 172 Extra"]
[Source "ChessBase"]
[SourceDate "2016.06.21"]
[SourceVersion "1"]
[SourceVersionDate "2016.06.21"]
[SourceQuality "1"]

1. b3 d5 2. Bb2 Nf6 3. e3 g6 4. Nf3 Bg7 5. Be2 Nbd7 6. c4 0-0 7. cxd5 Nxd5 8. Bxg7 Kxg7 9. d4 c5 10. 0-0 b6 11. Qd2 Bb7 12. Rd1 Rc8 13. Nc3 N7f6 14. dxc5 Rxc5 15. Nxd5 Rxd5 16. Qb2 Qc7 17. Rxd5 Bxd5 18. Rc1 Qb7 19. Qc3 Rd8 20. h3 Rd6 21. Qc7 Rc6 22. Rxc6 Bxc6 23. Qe5 Bxf3 24. Bxf3 Qd7 25. g4 h6 26. Kg2 Kh7 27. a4 Ne8 28. Bd5 Nd6 29. f4 f6 30. Qe6 Qxe6 31. Bxe6 f5 32. gxf5 gxf5 33. Kf3 Kg6 34. Ke2 Kh5 35. Kd3 Kh4 36. Kd4 Kxh3 37. e4 Kg4 38. Ke5 Kf3 39. exf5 Ne8 40. Bc8 Nf6 41. b4 h5 42. Ke6 Kxf4 43. Kxe7 Ke5 44. Bb7 h4 45. Bg2 Nh5 46. Bf3 Nf6 47. Bg2 1/2-1/2

[Event "AUT-ch U18"]
[Site "St Veit"]
[Date "2016.03.22"]
[Round "5"]
[White "Arztmann, Nils"]
[Black "Kranzl, Julian"]
[Result "0-1"]
[WhiteElo "1974"]
[BlackElo "1949"]
[PlyCount "118"]
[EventDate "2016.03.20"]
[EventType "swiss"]
[EventRounds "7"]
[EventCountry "AUT"]
[SourceTitle "CBM 171 Extra"]
[Source "ChessBase"]
[SourceDate "2016.04.26"]
[SourceVersion "1"]
[SourceVersionDate "2016.04.26"]
[SourceQuality "1"]

1. e4 c5 2. c3 g6 3. d4 cxd4 4. cxd4 d5 5. Nc3 dxe4 6. Bc4 Nf6 7. Qb3 e6 8. d5 exd5 9. Nxd5 Bg7 10. Bg5 0-0 11. Ne2 Nbd7 12. Nec3 h6 13. Nxf6+ Nxf6 14. Bh4 Qb6 15. 0-0 Qxb3 16. Bxb3 Bd7 17. Rfe1 Bc6 18. Rad1 Rad8 19. Rxd8 Rxd8 20. Nxe4 g5 21. Nxf6+ Bxf6 22. Bg3 Rd2 23. h3 Rxb2 24. Be5 Bxe5 25. Rxe5 Kf8 26. Rf5 Be8 27. h4 gxh4 28. Rh5 Kg7 29. Re5 Kf8 30. Rh5 Bd7 31. Rxh6 Be6 32. Bxe6 fxe6 33. Rh7 a5 34. a4 Rb4 35. Kh2 b6 36. Rb7 Ke8 37. Kh3 Kd8 38. g4 hxg3 39. fxg3 Kc8 40. Re7 Rxa4 41. Rxe6 Rb4 42. g4 Kd7 43. Re1 Rc4 44. g5 Rc6 45. Kg4 Re6 46. Rg1 Ke7 47. Kf5 Rc6 48. g6 Rc5+ 49. Ke4 Kf8 50. g7+ Kg8 51. Rg6 b5 52. Kd4 Rh5 53. Kc3 Rh3+ 54. Kd4 Rh5 55. Kc3 Rh3+ 56. Kd4 a4 57. Kc5 Rb3 58. Kd5 a3 59. Kd4 b4 0-1

[Event "AUT-ch U18"]
[Site "St Veit"]
[Date "2016.03.22"]
[Round "4"]
[White "Kranzl, Julian"]
[Black "Hoegl, Emanuel"]
[Result "0-1"]
[WhiteElo "1949"]
[BlackElo "2051"]
[PlyCount "98"]
[EventDate "2016.03.20"]
[EventType "swiss"]
[EventRounds "7"]
[EventCountry "AUT"]
[SourceTitle "CBM 171 Extra"]
[Source "ChessBase"]
[SourceDate "2016.04.26"]
[SourceVersion "1"]
[SourceVersionDate "2016.04.26"]
[SourceQuality "1"]

1. e4 c6 2. d4 d5 3. exd5 cxd5 4. Bd3 Nf6 5. c3 Nc6 6. Bf4 e6 7. Nf3 Be7 8. Nbd2 a6 9. h3 Bd6 10. Bxd6 Qxd6 11. Qe2 Bd7 12. Ne5 Qe7 13. 0-0 0-0 14. f4 Ne8 15. Ndf3 f5 16. Rfe1 Nxe5 17. Nxe5 Bc8 18. c4 Nf6 19. c5 Ne4 20. Bxe4 dxe4 21. b4 Rd8 22. Red1 Bd7 23. a4 Bc6 24. Nxc6 bxc6 25. Rab1 Qc7 26. g3 g5 27. Qe3 gxf4 28. Qxf4 Qxf4 29. gxf4 Rab8 30. b5 axb5 31. axb5 cxb5 32. Rb4 Kf7 33. Rdb1 Kf6 34. Kf2 Rb7 35. Ke3 Rdb8 36. Ra1 Rg8 37. Kf2 Rbg7 38. Rf1 Rg2+ 39. Ke1 R8g3 40. Rxb5 Re3+ 41. Kd1 Rd3+ 42. Ke1 Rdd2 43. Rh1 Rxd4 44. Rf1 Ra4 45. Rb1 Rc4 46. Rf2 Rg1+ 47. Rf1 Rg3 48. Rb5 Rc1+ 49. Ke2 Rg2+ 0-1

[Event "AUT-ch U18"]
[Site "St Veit"]
[Date "2016.03.21"]
[Round "3"]
[White "Kiss, Balint"]
[Black "Kranzl, Julian"]
[Result "1-0"]
[WhiteElo "2092"]
[BlackElo "1949"]
[PlyCount "107"]
[EventDate "2016.03.20"]
[EventType "swiss"]
[EventRounds "7"]
[EventCountry "AUT"]
[SourceTitle "CBM 171 Extra"]
[Source "ChessBase"]
[SourceDate "2016.04.26"]
[SourceVersion "1"]
[SourceVersionDate "2016.04.26"]
[SourceQuality "1"]

1. e4 c5 2. Nf3 g6 3. d4 cxd4 4. Nxd4 Nc6 5. c4 Nf6 6. Nc3 d6 7. Be2 Nxd4 8. Qxd4 Bg7 9. Be3 0-0 10. Qd2 Be6 11. Rc1 Qa5 12. f3 Rfc8 13. b3 a6 14. Na4 Qxd2+ 15. Kxd2 Nd7 16. g4 Rc6 17. Rhd1 Rac8 18. h3 Nc5 19. Nxc5 dxc5 20. Ke1 f5 21. exf5 gxf5 22. f4 Rd6 23. Rxd6 exd6 24. Rd1 Bf8 25. Bf3 Rc7 26. Bd5 Re7 27. Kf2 Kh8 28. Bxe6 Rxe6 29. Rd5 fxg4 30. hxg4 b5 31. f5 Re8 32. Kf3 bxc4 33. bxc4 Kg8 34. Bf4 Rd8 35. Rd3 Kf7 36. Ra3 Ra8 37. Ke4 a5 38. Kd5 a4 39. Rh3 Kg8 40. Re3 Kf7 41. Bxd6 Rd8 42. Re6 Bxd6 43. Rxd6 Rg8 44. Rd7+ Kf6 45. Rxh7 Rxg4 46. Kxc5 Rg2 47. a3 Kxf5 48. Re7 Rb2 49. Ra7 Ke6 50. Kc6 Rb8 51. Kc7 Rb3 52. Rxa4 Rc3 53. Kc6 Ke7 54. c5 1-0

[Event "AUT-ch U18"]
[Site "St Veit"]
[Date "2016.03.20"]
[Round "2"]
[White "Kranzl, Julian"]
[Black "Kruckenhauser, Arthur"]
[Result "1-0"]
[WhiteElo "1949"]
[BlackElo "1713"]
[PlyCount "93"]
[EventDate "2016.03.20"]
[EventType "swiss"]
[EventRounds "7"]
[EventCountry "AUT"]
[SourceTitle "CBM 171 Extra"]
[Source "ChessBase"]
[SourceDate "2016.04.26"]
[SourceVersion "1"]
[SourceVersionDate "2016.04.26"]
[SourceQuality "1"]

1. e4 c5 2. Nc3 e6 3. Nge2 a6 4. g3 b5 5. Bg2 Bb7 6. 0-0 b4 7. Nb1 Nf6 8. a3 a5 9. e5 Nd5 10. Nf4 Nxf4 11. Bxb7 Ra7 12. Bf3 Ng6 13. axb4 Nxe5 14. bxc5 Nxf3+ 15. Qxf3 Bxc5 16. Qc3 Qb6 17. Na3 0-0 18. Nc4 Qb4 19. Qxb4 axb4 20. Rxa7 Bxa7 21. d3 d5 22. Be3 Bxe3 23. Nxe3 Rc8 24. Ra1 Nc6 25. Kf1 Kf8 26. Ke1 Nd4 27. Kd1 Rc7 28. Ra4 Nc6 29. Kd2 Ke7 30. f4 Rb7 31. f5 h5 32. fxe6 fxe6 33. Ra8 Ra7 34. Rc8 Kd7 35. Rh8 g6 36. Rh6 Ne7 37. Ng2 Ke8 38. Rh8+ Kf7 39. Rb8 Nc6 40. Rc8 Ne7 41. Rb8 Nc6 42. Rb6 Rc7 43. Nf4 Kf6 44. Ne2 g5 45. h3 Ke5 46. Ke3 Kf5 47. Rxc6 1-0